Normal view
MARC view
- United States.
Entry Corporate Name
001 - CONTROL NUMBER
- control field: 22242
003 - CONTROL NUMBER IDENTIFIER
- control field: NUST
005 - DATE AND TIME OF LATEST TRANSACTION
- control field: 20191001155959.0
008 - FIXED-LENGTH DATA ELEMENTS
- fixed length control field: 191001|| aca||aabn | a|a d
040 ## - CATALOGING SOURCE
- Original cataloging agency: NUST
- Transcribing agency: NUST
110 ## - HEADING--CORPORATE NAME
- Corporate name or jurisdiction name as entry element: United States.
- Subordinate unit: Intermodal Surface Transportation Efficiency Act of 1991.
670 ## - SOURCE DATA FOUND
- Source citation: Work cat.: (NUST)0: Wade, Montie G. 22240, Response of small urbanized area MPOs to ISTEA /, c1998.
